Terrassa, industrial i modernista = Industrial and modernista Terrassa
Descripción Física:
24 p. : il., col. ; 21 cm
Otros Autores:
Oficina de Turisme de Manresa
MARC
| LEADER | 00000nam a2200000Ia 4500 | ||
|---|---|---|---|
| 001 | 20806 | ||
| 008 | 160829s2002 xx 000 0 cat d | ||
| 080 | |a FU-15-43 | ||
| 245 | |a Terrassa, industrial i modernista = Industrial and modernista Terrassa | ||
| 260 | |a Barcelona : |b Diputació de Barcelona. Oficina de Promoció Turística, |c 2002 | ||
| 300 | |a 24 p. : |b il., col. ; |c 21 cm | ||
| 590 | |a Text en català i anglès. | ||
| 590 | |a A la coberta: Turisme Total | ||
| 650 | |a Modernisme (Arquitectura) |x Terrassa |9 40790 | ||
| 650 | |a Arquitectura industrial |x Terrassa |9 40791 | ||
| 700 | |a Oficina de Turisme de Manresa |9 40787 | ||
| 710 | 1 | |a Manresa (Catalunya). |b Ajuntament |9 51573 | |
| 710 | 1 | |a Barcelona (Catalunya : Província). |b Oficina de Promoció Turística |9 51402 | |
| 710 | 2 | |a Museu Comarcal de Manresa |9 55405 | |
| 901 | |a Arxiu | ||
| 942 | |n 1 | ||
| 952 | |0 0 |1 0 |4 0 |6 FU1543 |7 1 |9 49906 |a Arxiu |b Arxiu |d 2016-12-01 |l 0 |o FU-15-43 |p 20806 |r 2016-12-01 00:00:00 |w 2016-12-01 |y ARXIU | ||
| 999 | |c 53748 |d 53748 | ||